Child Loabour in India : (Record no. 123081)

MARC details
000 -LEADER
fixed length control field 00905nam a22002657a 4500
005 - DATE AND TIME OF LATEST TRANSACTION
control field 20170124105920.0
010 ## - LIBRARY OF CONGRESS CONTROL NUMBER
LC control number A-820994
020 ## - INTERNATIONAL STANDARD BOOK NUMBER
International Standard Book Number 8171008429
Terms of availability 00.00
035 ## - SYSTEM CONTROL NUMBER
System control number A-820994
037 ## - SOURCE OF ACQUISITION
Source of stock number/acquisition Cen Lib/Ret
040 ## - CATALOGING SOURCE
Original cataloging agency DPL
Language of cataloging EN
082 ## - DEWEY DECIMAL CLASSIFICATION NUMBER
Classification number 331.310954
Item number MOH
100 ## - MAIN ENTRY--PERSONAL NAME
Personal name Mohd.Mustafa
9 (RLIN) 4034
245 ## - TITLE STATEMENT
Title Child Loabour in India :
Statement of responsibility, etc by Mohd.Mustafa [and] Onkar Sharma
Remainder of title a bitter truth /
260 ## - PUBLICATION, DISTRIBUTION, ETC. (IMPRINT)
Place of publication, distribution, etc New Delhi
Name of publisher, distributor, etc Deep and Deep Publications
Date of publication, distribution, etc 1996
270 ## - ADDRESS
Address F-159,Rajouri Garden
City New Delhi
Postal code 110027
300 ## - PHYSICAL DESCRIPTION
Extent vii,204p.
Dimensions 23cm(Hb)
500 ## - GENERAL NOTE
General note Includes index
650 ## - SUBJECT ADDED ENTRY--TOPICAL TERM
Topical term or geographic name as entry element Labour Economics-Child
9 (RLIN) 62304
650 ## - SUBJECT ADDED ENTRY--TOPICAL TERM
Topical term or geographic name as entry element Child Labour Laws
9 (RLIN) 4036
650 ## - SUBJECT ADDED ENTRY--TOPICAL TERM
Topical term or geographic name as entry element श्रम अर्थशास्त्र-बाल
9 (RLIN) 62305
650 ## - SUBJECT ADDED ENTRY--TOPICAL TERM
Topical term or geographic name as entry element बाल श्रम कानून
9 (RLIN) 3572
700 ## - ADDED ENTRY--PERSONAL NAME
Personal name Sharma,Onkar
9 (RLIN) 62306
942 ## - ADDED ENTRY ELEMENTS (KOHA)
Source of classification or shelving scheme Dewey Decimal Classification
Koha item type English Books
Classification part 331.310954
Call number suffix MOH
Holdings
Withdrawn status Lost status Damaged status Not for loan Home library Current library Date acquired Source of acquisition Cost, normal purchase price Total Checkouts Full call number Barcode Date last seen Copy number Cost, replacement price Price effective from Koha item type
        Central Library Central Library 02/06/2015 Cen Lib/Ret 0.00   331.310954 MOH A-820994 02/06/2015 1 0.00 02/06/2015 English Books

© Delhi Public Library
Hit Counter
free hit counter